Much ado about nothing

Bibliographic Details
Other Authors: Humphreys, A.R
Format: Book
Published: London : Routledge , 1991
Series:The Arden Shakespeare
Subjects:

MARC

LEADER 00000cam a2200000 7i4500
001 0000001638
002 000001788
005 20000330.0
020 |a 0415027004 
090 0 0 |a 822.33   |b SHA 
245 0 0 |a Much ado about nothing   |c edited by A.R. Humphreys 
260 |a London :   |b Routledge ,   |c 1991 
300 |a 237 p. ;   |c 18 cm. 
490 0 |a The Arden Shakespeare 
650 0 0 |a Much ado about nothing   |x Drama 
700 1 |a Humphreys, A.R 
999 |a 034049   |b BUKU   |c PINJAMAN   |e PERPUSTAKAAN KOMUNITI PETALING JAYA